La narración de A. Gordon Pym / (Registro nro. 8540)

Detalles MARC
000 -LIDER
fixed length control field 01185nam a22003017a 4500
003 - IDENTIFICACDOR DE NÚMERO DE CONTROL
control field DO-SdBPM
005 - DATE AND TIME OF LATEST TRANSACTION
control field 20250604071136.0
008 - ELEMENTOS DE LONGITUD FIJA
fixed length control field 151104b1982 spa ||| 00| 0 spa d
020 ## - ISBN
International Standard Book Number 8475250165
040 ## - FUENTE DE CATALOGACIÓN
Agencia que crea de manera original el registro DO-SdBPM
Idioma de catalogación spa
Agencia que realiza la transcripción BPMSU
082 #4 - NÚMERO DE CLASIFICACIÓN DECIMAL DE DEWEY
Classification number 813.3
Item number P743n 1982
Edition number 22
100 1# - ASIENTO PRINCIPAL -- NOMBRE PERSONAL
Nombre personal Poe, Edgar Allan,
Fechas asociadas con el nombre 1809-1849.
245 13 - MENCIÓN DE TITULO
Título La narración de A. Gordon Pym /
Mención de responsabilidad E. Allan Poe ; traducción José María Alvarez ; apéndice Constantino Bértolo Cadenas ; ilustración Julio Gutiérrez Mas.
260 ## - PUBLICACIÓN, DISTRIBUCIÓN, ETC. (PIE DE IMPRENTA)
Lugar de publicación, distribución, etc Madrid :
Nombre del editor, distribuidor, etc. Ediciones Generales Anaya,
Fecha de publicación, distribución, etc 1982.
300 ## - DESCRIPCIÓN FÍSICA
Extensión 237 p. :
Otros detalles físicos il. ;
Dimensiones 20 cm.
490 0# - MENCIÓN DE SERIES
Mención de serie Tus libros ;
-- Marineros,
Volume/sequential designation 19
500 ## - NOTA GENERAL
Nota general Incluye referencias bibliográficas y notas al pie de las páginas.
504 ## - NOTA DE BIBLIOGRAFÍA, ETC.
Bibliography, etc Bibliografía : p. 235-237
534 ## - NOTA SOBRE LA VERSIÓN ORIGINAL
Asiento principal del original The narrative of Arthur Gordon Pym of Nantucket.
590 ## - NOTA LOCAL
Texto de la nota local Inventariado, 2025/VM
650 #4 - ENCABEZAMIENTO DE MATERIA--TEMÁTICO
Término temático o nombre geográfico como elemento de entrada Cuentos estadounidenses
650 #4 - ENCABEZAMIENTO DE MATERIA--TEMÁTICO
Término temático o nombre geográfico como elemento de entrada Literatura estadounidense
700 1# - ASIENTO SECUNDARIO -- NOMBRE PERSONAL
Nombre personal Alvarez, José María,
Fechas asociadas con el nombre 1942-
Mención de responsabilidad traductor
700 1# - ASIENTO SECUNDARIO -- NOMBRE PERSONAL
Nombre personal Bértolo Cadenas, Constantino
Mención de responsabilidad apéndice
700 1# - ASIENTO SECUNDARIO -- NOMBRE PERSONAL
Nombre personal Gutierrez Mas, Julio,
Mención de responsabilidad ilustraciones
910 ## - VALIDACIÓN
Validación VMateo V. Control de calida. BPMSU
942 ## - ADDED ENTRY ELEMENTS (KOHA)
Source of classification or shelving scheme Dewey Decimal Classification
Koha item type Libros
Existencias
Withdrawn status Lost status Source of classification or shelving scheme Damaged status Not for loan Collection code Home library Current library Date acquired Source of acquisition Total Checkouts Full call number Barcode Date last seen Price effective from Koha item type
    Dewey Decimal Classification     Colección General Biblioteca Pública Metropolitana Salomé Ureña Biblioteca Pública Metropolitana Salomé Ureña 11/04/2015 FUNDI   BPMSU CG 813.3 P743n 1982 BPMSU15110044 11/04/2015 11/04/2015 Libros